Music Quiz

Random Music or Lyrics Quiz
Score 0/52 Timer 05:00
2 Plays Today
Question Answer Wrong Answers
No escape from _____ ???
98.7%
???
0.2%
???
0.3%
???
0.3%
Because I'm easy come, easy _____ ???
98.1%
???
0.1%
???
0.3%
???
0.1%
Doesn't really _____ to me, to me ???
97.9%
???
0.1%
???
0.1%
???
0.3%
Is this just _____? ???
97.8%
???
0.5%
???
1.4%
???
0.1%
Little high, little _____ ???
97.8%
???
0.5%
???
0.1%
???
0.1%
Mama, just killed a _____ ???
97.8%
???
0.1%
???
0.1%
???
0.2%
Pulled my trigger, now he's _____ ???
97.7%
???
0.1%
???
0.1%
???
0.1%
Mama, ooh, didn't mean to make you _____ ???
97%
???
0.2%
???
0.1%
???
0.4%
Too late, my ____ has come ???
96.9%
???
0.1%
???
0.1%
???
0.3%
Caught in a _____ ???
96.9%
???
1.4%
???
1.1%
???
0.1%
I need no _____ ???
96.8%
???
0.1%
???
1.6%
???
0.1%
Put a _____ against his head, ???
96.7%
???
0.9%
???
0.1%
???
0.4%
But now I've gone and _____ it all away ???
96.7%
???
0.2%
???
0.5%
???
0.5%
Carry on, carry on as if _____ really matters ???
95.7%
???
1.2%
???
0.5%
???
0.1%
Mama, _____ had just begun ???
95.7%
???
0.4%
???
0.4%
???
1.5%
_____, ooh, (any way the wind blows) ???
95.3%
???
0.7%
???
0.2%
???
0.5%
Look up to the skies and _____ ???
95.1%
???
1.3%
???
0.3%
???
2.3%
Thunderbolt and lightning, very, very _____ me ???
94.8%
???
0.2%
???
0.2%
???
0.8%
I'm just a poor _____ ???
94.5%
???
0.3%
???
2.9%
???
1.2%
Any way the wind _____ ???
94.3%
???
0.2%
???
0.6%
???
3.4%
He's just a poor boy from a poor _____ ???
93.9%
???
0.1%
???
0.2%
???
0.8%
If I'm not back again this time _____ ???
93.8%
???
1.6%
???
0.7%
???
1.5%
Sends _____ down my spine ???
93.5%
???
0.3%
???
0.3%
???
3.1%
Spare him his life from this _____ ???
92.6%
???
0.5%
???
0.4%
???
1.3%
Scaramouche, Scaramouche, will you do the _____? ???
92.6%
???
0.2%
???
3%
???
0.2%
I'm just a _____ boy ???
92.5%
???
0.1%
???
2.4%
???
0.5%
I sometimes _____ I'd never been born at all. ???
92.3%
???
0.1%
???
1.1%
???
2.9%
I see a little _____ of a man ???
92%
???
3.7%
???
0.3%
???
0.2%
Open your _____ ???
91.4%
???
4.6%
???
1.7%
???
1.6%
Is this the real _____? ???
90.8%
???
7.3%
???
1.6%
???
0.3%
Gotta leave you all behind and face the _____ ???
90.6%
???
2.9%
???
2.7%
???
0.7%
Easy come, easy go, will you let me _____? ???
90.3%
???
3.5%
???
0.5%
???
0.1%
No, no, no, no, no, no, _____ ???
89.3%
???
0.9%
???
0.6%
???
1.1%
Nobody _____ me ???
88.4%
???
5%
???
1.8%
???
0.1%
(Oh mamma _____, mamma _____) Mamma _____, let me go ???
88.4%
???
2.1%
???
0.6%
???
0.2%
(Galileo.) Galileo. (Galileo.) Galileo. Galileo Figaro _____ ???
88.4%
???
1%
???
3.1%
???
3.1%
Goodbye, _____, I've got to go ???
87.8%
???
8.3%
???
0.6%
???
0.3%
_____ aching all the time ???
86.4%
???
3.4%
???
0.2%
???
7.2%
_____! No, we will not let you go (Let him go!) ???
85.8%
???
2.1%
???
4.6%
???
1.5%
I don't want to _____ ???
85.4%
???
0.4%
???
1.7%
???
9.1%
... and leave me to _____? ???
85.3%
???
0.1%
???
0.4%
???
0.2%
_____ not let you go. (Let me go.)
_____ not let you go. (Let me go.)
???
85.3%
???
3.2%
???
2.5%
???
1.4%
Beelzebub has a _____ put aside for me, for me, for me! ???
82.4%
???
1.8%
???
5.3%
???
0.8%
Just gotta get out, just gotta get _____ outta here! ???
82.1%
???
0.7%
???
0.3%
???
0.3%
Nothing really matters, anyone can _____ ???
80.2%
???
0.1%
???
0.1%
???
1.6%
Nothing really matters, nothing really matters, to _____ ???
80.1%
???
0.5%
???
0.2%
???
0.1%
Any way the _____ blows ???
79.3%
???
0.2%
???
0.1%
???
0.2%
... and spit in my _____? ???
75.8%
???
11%
???
0.4%
???
0.9%
So you think you can _____ me ???
75.8%
???
3.4%
???
9.4%
???
0.4%
Oh, _____, can't do this to me, _____! ???
70.3%
???
14.4%
???
0.2%
???
0.2%
So you think you can _____ me... ???
70.1%
???
16.3%
???
0.3%
???
0.2%
Bismillah! We will not let _____ go (Let him go!)
Bismillah! We will not let _____ go (Let him go!)
???
45.8%
???
46.7%
???
0.4%
???
0.6%
Remove Ads.
Support Sporcle.
Get the best of Sporcle when you Go Orange. This ad-free experience offers more features, more stats, and more fun while also helping to support Sporcle. Thank you for becoming a member.

You're not logged in!

Compare scores with friends on all Sporcle quizzes.
OR
Log In

Show Comments

Extras

Top Quizzes Today


Score Distribution

Your Account Isn't Verified!

In order to create a playlist on Sporcle, you need to verify the email address you used during registration. Go to your Sporcle Settings to finish the process.

Report this User

Report this user for behavior that violates our Community Guidelines.

Details: